| 000 | 00654nam a2200169 4500 | ||
|---|---|---|---|
| 001 | 23832 | ||
| 005 | 20230410143255.0 | ||
| 008 | 060907n2001 dr spa | ||
| 035 | _9funglode24000 | ||
| 041 | _aES | ||
| 050 | 1 | 4 | _aLEWIS |
| 111 | _aReunión Internacional de la Mesa Redonda sobre Finanzas y Medios Ambiente ( VI : 16 al 17 de Noviembre de 2000 : Franckfort, Alemania ) | ||
| 245 | 1 |
_aGlobalización y desarrollo sostenible : _boportunidades y desafíos para el sector de servicios financieros / _cCorporación Andina de Fomento |
|
| 260 |
_aCaracas : _bCorporación Andina de Fomento, _c2001 |
||
| 300 | _a56 p. | ||
| 942 |
_2lcc _cbk |
||
| 999 |
_c98557 _d98557 |
||